| 000 | 01253cam a2200169 4500500 | ||
|---|---|---|---|
| 005 | 20260208003712.0 | ||
| 041 | _afre | ||
| 042 | _adc | ||
| 100 | 1 | 0 |
_aMayrhofer, Philipp _eauthor |
| 245 | 0 | 0 | _aRéalisme et fondation chez A. Reinach |
| 260 | _c2005. | ||
| 500 | _a80 | ||
| 520 | _aDans cet article, l’auteur essaie de souligner la portée phénoménologique de la doctrine des essences d’Adolf Reinach. Loin de représenter un simple retour au platonisme des idées, le projet reinachien porte selon lui, au travers d’une déduction d’une phénoménalité spécifique des essences, l’idée de constitution, comme, a fortiori, celle de fondation ontologique, à leurs limites. | ||
| 520 | _aThis article aims to point out the phenomenological impact of Adolf Reinach’s doctrine of essences. Far from being a simple return to Plato’s universe of ideas, Reinach’s project shows through the deduction of a specific phenomenality of essences the limits of the idea of constitution and a fortiori of the ontological foundation. | ||
| 786 | 0 | _nLes Études philosophiques | 72 | 1 | 2005-03-01 | p. 3-18 | 0014-2166 | |
| 856 | 4 | 1 | _uhttps://shs.cairn.info/revue-les-etudes-philosophiques-2005-1-page-3?lang=fr&redirect-ssocas=7080 |
| 999 |
_c1648563 _d1648563 |
||